Mobilní marketing - bluetooth marketing
Význam bluetooth komunikácie. Jednoduchá schéma bluetooth komunikácie. Siete bluetooth marketing. Predpoklady efektivity kampane. Bluetooth marketing je vhodný predovšetkých pre inovátorov a pre zdatnejších používateľov mobilných telefónov.
Guardado en:
| Autor principal: | |
|---|---|
| Otros Autores: | |
| Formato: | Capítulo de libro |
| Lenguaje: | checo |
| Materias: | |
| Etiquetas: |
Sin Etiquetas, Sea el primero en etiquetar este registro!
|
MARC
| LEADER | 00000nla$a2200000$$$4500 | ||
|---|---|---|---|
| 001 | 0108592 | ||
| 005 | 20240502072210.6 | ||
| 041 | 0 | |a cze | |
| 044 | |a SK | ||
| 245 | 1 | 0 | |a Mobilní marketing - bluetooth marketing |c Petr Červenka, Jana Naščáková |
| 520 | |a Význam bluetooth komunikácie. Jednoduchá schéma bluetooth komunikácie. Siete bluetooth marketing. Predpoklady efektivity kampane. Bluetooth marketing je vhodný predovšetkých pre inovátorov a pre zdatnejších používateľov mobilných telefónov. | ||
| 610 | 2 | 0 | |a marketing |
| 610 | 2 | 0 | |a telefón mobilný |
| 610 | 2 | 0 | |a komunikácia marketingová |
| 610 | 2 | 0 | |a kampane reklamné |
| 100 | 1 | |a Červenka, Petr | |
| 700 | 1 | |a Naščáková, Jana | |